000 00852nam a22002055i 4500
001 160177
003 ES-MaACL
005 20230906211946.0
008 040922s1866 fr |||| | fre d
040 _aCAM
_bspa
_cCAM
100 1 _aMorel-Fatio, L.
_9130163
245 1 0 _aNotice des collections du Musée de Marine exposées dans les galeries du Musée Impérial du Louvre /
_cpar L. Morel-Fatio.
260 _aParis :
_b[s.n.],
_c1865 (
_fCharles de Mourgues frères)
300 _av. ;
_c18 cm.
500 _aEn la antep. consta: Musée Imperial du Louvre, Maison de l'Empereur.
505 8 _aContiene: 1re partie, Musée Naval (XIV, 211 p.)
596 _aEn el pie de imp. de la cub. original consta la fecha: 1866.
610 2 4 _aMusée de la Marine (Paris)
_9134708
852 _aES-MaACL
_jD-1800
_z-- Enc. hol. conservando la cub. original
999 _c160177
_d160177